00838nac a22002291i 4500003000900000005001700009008004100026040004300067043002100110082002200131245003300153264009900186300003900285336002600324337002800350338002700378651003500405655001700440942001200457999001500469952012400484EG-ScBUE20240627085357.0240627s1960 ua a f 000 0 eng d aEG-ScBUEbengerdacEG-ScBUEdEG-ScBUE af-ae---af-cm---04a967.1102222bFRO00aFrom Algeria to the Kamerun. 1aCairo :bForeign Delegation of the Union of the Populations of the Cameroons (U.P.C.),c[1960] a25 pages :billustrations ;c20 cm 2rdacontentatextbtxt aunmediated2rdamediabn avolumebnc2rdacarrier 7aCameroonxColonization.2BUEsh vReading book cBB2ddc c3641d3641 00102ddc3 40708AlahramaMAINbMAINc2NDd2007-05-03ePurchasel0o967.1102 FROp000046634r2025-07-15 00:00:00yBB